Operating System Concepts (Record no. 157)

MARC details
000 -LEADER
fixed length control field 00473nam a22001817a 4500
005 - DATE AND TIME OF LATEST TRANSACTION
control field 20180206141326.0
008 - FIXED-LENGTH DATA ELEMENTS--GENERAL INFORMATION
fixed length control field 160428b xxu||||| |||| 00| 0 eng d
020 ## - INTERNATIONAL STANDARD BOOK NUMBER
ISBN 9971-51388-9
041 ## - LANGUAGE CODE
Language code of text/sound track or separate title eng
082 ## - DEWEY DECIMAL CLASSIFICATION NUMBER
Item number 00545
Classification number 005.43
100 ## - MAIN ENTRY--AUTHOR NAME
Personal name Silberschatz, Abraham and others
245 ## - TITLE STATEMENT
Title Operating System Concepts
250 ## - EDITION STATEMENT
Edition statement 6th ed.
260 ## - PUBLICATION, DISTRIBUTION, ETC. (IMPRINT)
Place of publication New York
Name of publisher John wilry & Sons, Inc,
Year of publication 2002
300 ## - PHYSICAL DESCRIPTION
Number of Pages 887
650 ## - SUBJECT ADDED ENTRY--TOPICAL TERM
Topical Term Information Technology
942 ## - ADDED ENTRY ELEMENTS (KOHA)
Koha item type Books
Holdings
Lost status Damaged status Collection code Home library Current library Shelving location Date acquired Cost, normal purchase price Full call number Accession Number Koha item type Source of acquisition
    CS/IT JRU Library JRU Library SHELF-51-B 28/04/2016 433.00 005.43 00545 Books  
    Reference JRU Library JRU Library SHELF-4-D 28/04/2016 433.00 005.43 00546 Books  
    CS/IT JRU Library JRU Library SHELF-51-B 28/04/2016 433.00 005.43 00547 Books PURCHASE
    CS/IT JRU Library JRU Library SHELF-51-B 28/04/2016 433.00 005.43 00548 Books  
    CS/IT JRU Library JRU Library SHELF-51-B 28/04/2016 433.00 005.43 00549 Books  
    CS/IT JRU Library JRU Library SHELF-51-B 28/04/2016 433.00 005.43 00550 Books